Framework of integration policies

Αποθηκεύτηκε σε:
Λεπτομέρειες βιβλιογραφικής εγγραφής
Κύριος συγγραφέας: Coussey, Mary
Συλλογικό Έργο: Council of Europe, Directorate of Social and Health Affairs
Μορφή: Βιβλίο
Γλώσσα:English
French
Δημοσίευση: Strasbourg : Council of Europe, 2000.
Θέματα:
Ετικέτες: Προσθήκη ετικέτας
Δεν υπάρχουν, Καταχωρήστε ετικέτα πρώτοι!

MARC

LEADER 00000cam a2200000 i 4500
001 1/93513
008 080910s2000 fr | ||| |||| ||eng||
020 |a 9287143412 
035 |l 10100014 
040 |a GR-MyUA  |b gre  |e AACR2 
041 1 |a eng  |h fre 
082 0 |a 325.4  |2 (22) 
100 1 |a Coussey, Mary. 
245 1 0 |a Framework of integration policies /   |c Mary Coussey.  
260 |a Strasbourg :   |b Council of Europe,   |c 2000.  
300 |a 49 σ. ;   |c 24 εκ.  
500 |a Τίτλος πρωτοτύπου: Cadre des politiques d'integration.  
650 0 0 |a Immigrants  |z European Union countries. 
651 0 |a European Union countries  |x Emigration and immigration  |x Government policy. 
710 2 |a Council of Europe. 
710 2 |a Directorate of Social and Health Affairs. 
852 |a INST  |b LESVOS  |e 20080910  |h 325.4 COU  |p 005100043045  |q 005100043045  |t BK  |y 0 
901 |a BIBL1-2008-3 
909 |a Λ  |b 152329 
922 |a 1ΕΛΗ  |b 200803  |c ΕΠΕΑΕΚ2/ΤΚ  |d ΠΑΠΑΣΩΤΗΡΙΟΥ 
970 |a ΚΑΡΑ  |b ΓΙΑΣΕΜΗ  |z 2008/09/10